000 00420nam a2200145Ia 4500
008 231129s2009||||xx |||||||||||||| ||spa||
020 _a978-958-45-1962-7
040 _bspa
082 _a920 V217f
100 _aVan Praagh James
245 0 _aFantasmas entre nosotros: descubra la verdad sobre el más allá
260 _c2009
264 _aGrupo Editorial Norma
942 _2ddc
_cBKS
999 _c13885
_d13885